[Event "TUR Cup"]
[Site "Antalya"]
[Date "2020.01.27"]
[Round "2"]
[White "Sabahi, Cem"]
[Black "Isikli, Murat Sedat"]
[Result "0-1"]
[WhiteElo "1604"]
[BlackElo "1400"]
[PlyCount "82"]
[EventDate "2020.01.26"]
[EventType "swiss"]
[EventRounds "11"]
[EventCountry "TUR"]
[SourceTitle "CBM 194 Extra"]
[Source "ChessBase"]
[SourceDate "2020.03.31"]
[SourceVersion "1"]
[SourceVersionDate "2020.03.31"]
[SourceQuality "1"]

1. e4 c5 2. Nf3 d6 3. Bb5+ Nc6 4. 0-0 Bd7 5. Re1 g6 6. c3 Bg7 7. d3 Nf6 8. h3 0-0 9. Be3 Qb6 10. Na3 a6 11. Ba4 Qc7 12. Qd2 Rfe8 13. Rac1 b5 14. Bc2 e5 15. Ng5 h6 16. Nf3 Kh7 17. Kh2 Be6 18. Bb3 Bxb3 19. axb3 Na5 20. Qd1 Qe7 21. Ra1 Qe6 22. Nd2 Nd7 23. Qg4 f5 24. exf5 gxf5 25. Qf3 Rf8 26. b4 cxb4 27. cxb4 Nb3 28. Nxb3 Qxb3 29. Qc6 Rad8 30. Qxa6 f4 31. Bb6 Ra8 32. Qxb5 Nxb6 33. Qxb6 Qxb2 34. Nc4 Qc3 35. Rxa8 Rxa8 36. Rd1 Qc2 37. Rd2 Qc1 38. h4 Ra1 39. Kh3 Qh1+ 40. Kg4 Qxg2+ 41. Kf5 Qg6# 0-1

[Event "TUR Cup"]
[Site "Antalya"]
[Date "2020.01.26"]
[Round "1"]
[White "Ozsakallioglu, Okan"]
[Black "Sabahi, Cem"]
[Result "1-0"]
[WhiteElo "2272"]
[BlackElo "1604"]
[PlyCount "101"]
[EventDate "2020.01.26"]
[EventType "swiss"]
[EventRounds "11"]
[EventCountry "TUR"]
[SourceTitle "CBM 194 Extra"]
[Source "ChessBase"]
[SourceDate "2020.03.31"]
[SourceVersion "1"]
[SourceVersionDate "2020.03.31"]
[SourceQuality "1"]

1. e4 g6 2. d4 Bg7 3. Nf3 d6 4. Nc3 c6 5. Be3 Nf6 6. Qd2 Qa5 7. Bd3 Bg4 8. Ng1 e5 9. h3 Be6 10. Nf3 Na6 11. 0-0 0-0 12. a3 Qc7 13. Ng5 Bd7 14. Rad1 exd4 15. Bxd4 Nc5 16. e5 Ne8 17. Bc4 Ne6 18. exd6 Qxd6 19. Bxg7 Qxd2 20. Rxd2 N8xg7 21. Rxd7 Nxg5 22. Rxb7 Rfb8 23. Rxb8+ Rxb8 24. b3 Rd8 25. Re1 Kf8 26. Re5 N5e6 27. Ra5 Rd7 28. Ne4 Ke7 29. Ra6 f5 30. Nc3 Nd4 31. Ne2 Nxc2 32. b4 Ne6 33. Bxe6 Kxe6 34. Rxc6+ Rd6 35. Rxc2 Ra6 36. Rc3 Ke5 37. f4+ Ke4 38. Kf2 h6 39. Rb3 g5 40. Re3+ Kd5 41. Re5+ Kc4 42. fxg5 hxg5 43. Ra5 Rf6 44. Rxa7 g4 45. Nf4 gxh3 46. gxh3 Kb3 47. b5 Kc4 48. a4 Kd4 49. Kf3 Kc5 50. Rc7+ Kd6 51. Rc6+ 1-0

[Event "TUR Cup"]
[Site "Antalya"]
[Date "2019.02.03"]
[Round "11"]
[White "Sabahi, Cem"]
[Black "Turkkan, Ece"]
[Result "1-0"]
[WhiteElo "1642"]
[BlackElo "1531"]
[PlyCount "49"]
[EventDate "2019.01.27"]
[EventType "swiss"]
[EventRounds "11"]
[EventCountry "TUR"]
[SourceTitle "CBM 188 Extra"]
[Source "ChessBase"]
[SourceDate "2019.02.26"]
[SourceVersion "1"]
[SourceVersionDate "2019.02.26"]
[SourceQuality "1"]

1. e4 c5 2. Nf3 g6 3. d3 Bg7 4. g3 Nc6 5. Bg2 d6 6. 0-0 Nf6 7. Re1 e5 8. c3 0-0 9. Nbd2 a6 10. Nf1 b5 11. h3 h6 12. Be3 Bb7 13. g4 Nd7 14. Ng3 Ne7 15. Kh2 Kh7 16. Rg1 Rb8 17. Qc2 Qa5 18. Bd2 Qb6 19. Raf1 b4 20. Nh4 Nc6 21. Qc1 Qa5 22. Nhf5 Qc7 23. Bxh6 Ne7 24. Bxg7 Nxf5 25. Nxf5 1-0

[Event "TUR Cup"]
[Site "Antalya"]
[Date "2019.01.31"]
[Round "8"]
[White "Ersoy, Emre"]
[Black "Sabahi, Cem"]
[Result "1-0"]
[WhiteElo "1591"]
[BlackElo "1642"]
[PlyCount "175"]
[EventDate "2019.01.27"]
[EventType "swiss"]
[EventRounds "11"]
[EventCountry "TUR"]
[SourceTitle "CBM 188 Extra"]
[Source "ChessBase"]
[SourceDate "2019.02.26"]
[SourceVersion "1"]
[SourceVersionDate "2019.02.26"]
[SourceQuality "1"]

1. e4 g6 2. d4 Bg7 3. Nf3 d6 4. Nc3 c6 5. a4 Bg4 6. Be3 Nd7 7. h3 Bxf3 8. Qxf3 e5 9. Bc4 Ngf6 10. Bb3 0-0 11. g4 Qe7 12. dxe5 dxe5 13. h4 Nc5 14. Bxc5 Qxc5 15. 0-0-0 Qe7 16. h5 Bh6+ 17. Kb1 Kg7 18. hxg6 hxg6 19. Rxh6 Kxh6 20. g5+ Kg7 21. gxf6+ Qxf6 22. Qxf6+ Kxf6 23. Rd7 Rab8 24. Kc1 g5 25. Nd1 Kg6 26. Ne3 f6 27. Be6 g4 28. Bf5+ Kg5 29. Rg7+ Kf4 30. Rxg4+ Kf3 31. Nd1 Rg8 32. Rh4 Rbd8 33. Rh3+ Ke2 34. Re3+ Kf1 35. Bh3+ Kg1 36. f3 Rh8 37. Re1+ Kh2 38. Bg4 Kg2 39. Re2+ Kg3 40. Rd2 b6 41. Rxd8 Rxd8 42. Ne3 Kf2 43. Nf5 Ke1 44. b3 c5 45. Ne7 a6 46. Nd5 Rd6 47. Ne3 b5 48. Kb2 Kd2 49. Nd5 bxa4 50. bxa4 c4 51. a5 Rc6 52. Nb6 Rc5 53. Bd7 c3+ 54. Kb3 Rc7 55. Nc4+ Ke2 56. Bg4 Rc5 57. Kxc3 Rb5 58. f4+ Kf2 59. fxe5 fxe5 60. Bc8 Kf3 61. Bxa6 Rb8 62. Nxe5+ Kxe4 63. Nc4 Kd5 64. Nb6+ Kc6 65. Kb4 Rh8 66. c4 Rh2 67. Bb5+ Kb7 68. Kc5 Rh5+ 69. Nd5 Rh6 70. a6+ Ka7 71. Nb4 Rh5+ 72. Kd6 Rh6+ 73. Kc7 Rh7+ 74. Bd7 Rg7 75. Nc6+ Kxa6 76. Nb8+ Ka7 77. c5 Rg5 78. Nc6+ Ka6 79. Kd6 Kb7 80. Ne5 Rh5 81. c6+ Ka8 82. c7 Rh6+ 83. Be6 Rh8 84. Nc6 Rc8 85. Nd4 Rxc7 86. Kxc7 Ka7 87. Bc8 Ka8 88. Bb7+ 1-0

[Event "TUR Cup"]
[Site "Antalya"]
[Date "2019.01.30"]
[Round "5"]
[White "Sabahi, Cem"]
[Black "Kaya, Mehmet Roni"]
[Result "1/2-1/2"]
[WhiteElo "1642"]
[BlackElo "1632"]
[PlyCount "91"]
[EventDate "2019.01.27"]
[EventType "swiss"]
[EventRounds "11"]
[EventCountry "TUR"]
[SourceTitle "CBM 188 Extra"]
[Source "ChessBase"]
[SourceDate "2019.02.26"]
[SourceVersion "1"]
[SourceVersionDate "2019.02.26"]
[SourceQuality "1"]

1. e4 e5 2. Nf3 Nf6 3. d3 Nc6 4. c3 d5 5. Nbd2 dxe4 6. dxe4 Bc5 7. Be2 0-0 8. 0-0 Bg4 9. Qc2 Qe7 10. b4 Bb6 11. Nc4 Nd7 12. a4 a5 13. Nxb6 cxb6 14. b5 Nd8 15. Ba3 Nc5 16. Rfd1 Bxf3 17. Bxf3 Nde6 18. g3 Rfd8 19. Rd5 Nc7 20. Rdd1 Rxd1+ 21. Rxd1 Rd8 22. Bg4 N7e6 23. Bxe6 fxe6 24. f3 Rd6 25. Kf1 Qd7 26. Rxd6 Qxd6 27. Ke2 Kf7 28. h4 h6 29. h5 Qd8 30. Bxc5 bxc5 31. Qd3 Qxd3+ 32. Kxd3 b6 33. Ke3 g5 34. hxg6+ Kxg6 35. c4 h5 36. Kf2 Kh6 37. Kg2 Kg6 38. Kh3 Kg5 39. Kg2 Kf6 40. Kh2 Kg6 41. f4 h4 42. Kh3 hxg3 43. Kxg3 Kf6 44. Kg4 exf4 45. Kxf4 e5+ 46. Kg4 1/2-1/2

[Event "TUR-chT2"]
[Site "Konya"]
[Date "2017.07.09"]
[Round "1.16"]
[White "Mataraci, Omer Baransel"]
[Black "Sabahi, Cem"]
[Result "1-0"]
[WhiteElo "1688"]
[BlackElo "1706"]
[PlyCount "113"]
[EventDate "2017.07.09"]
[EventType "team-swiss"]
[EventRounds "9"]
[EventCountry "TUR"]
[SourceTitle "CBM 179 Extra"]
[Source "ChessBase"]
[SourceDate "2017.08.23"]
[SourceVersion "1"]
[SourceVersionDate "2017.08.23"]
[SourceQuality "1"]
[WhiteTeam "Genclik Elazig"]
[BlackTeam "Hamle Adana"]
[WhiteTeamCountry "TUR"]
[BlackTeamCountry "TUR"]

1. d4 g6 2. Nf3 Bg7 3. c4 d6 4. Nc3 Nd7 5. e3 e5 6. Be2 Ne7 7. 0-0 0-0 8. Bd2 a5 9. Rc1 exd4 10. exd4 Nc6 11. Bg5 f6 12. Bf4 Re8 13. h4 Nf8 14. Re1 Bg4 15. Qb3 Bxf3 16. Bxf3 Nxd4 17. Rxe8 Qxe8 18. Bd5+ Kh8 19. Qxb7 c6 20. Bf7 Qb8 21. Qxb8 Rxb8 22. Rd1 f5 23. Bxd6 Rd8 24. Be7 Rd7 25. Bxf8 Bxf8 26. Bd5 c5 27. Re1 Re7 28. Kf1 Kg7 29. Na4 Kf6 30. f4 Rxe1+ 31. Kxe1 Nc2+ 32. Kd2 Nd4 33. Nc3 Bd6 34. g3 h6 35. Nb5 Bb8 36. Nxd4 cxd4 37. Kd3 Ba7 38. a3 Bc5 39. Kc2 d3+ 40. Kxd3 Bf2 41. b4 axb4 42. axb4 Bxg3 43. Ke3 Bxh4 44. c5 Ke7 45. b5 Kd7 46. b6 Bd8 47. Kd4 Bf6+ 48. Kc4 Kc8 49. c6 Bd8 50. Kb5 g5 51. fxg5 hxg5 52. Be6+ Kb8 53. Bxf5 Bc7 54. bxc7+ Kxc7 55. Kc5 g4 56. Bxg4 Kb8 57. Kd6 1-0

[Event "Manavgat Turkey Cup"]
[Site "Manavgat"]
[Date "2015.02.05"]
[Round "8"]
[White "Kilic, Gokturk Kagan"]
[Black "Sabahi, Cem"]
[Result "0-1"]
[WhiteElo "1482"]
[BlackElo "1607"]
[PlyCount "108"]
[EventDate "2015.01.31"]
[EventType "swiss"]
[EventRounds "11"]
[EventCountry "TUR"]
[SourceTitle "CBM 164 Extra"]
[Source "ChessBase"]
[SourceDate "2015.03.02"]
[SourceVersion "1"]
[SourceVersionDate "2015.03.02"]
[SourceQuality "1"]

1. d4 f5 2. Nf3 Nf6 3. Bf4 g6 4. e3 Bg7 5. Bc4 e6 6. Nbd2 d6 7. Ng5 Qe7 8. Qf3 d5 9. Bd3 h6 10. Nh3 g5 11. Nxg5 hxg5 12. Bxg5 Qb4 13. Rb1 Ne4 14. Bxe4 dxe4 15. Qg3 Na6 16. Bf4 Qe7 17. Nc4 Bf6 18. Be5 Qf7 19. Bxf6 Qxf6 20. Ne5 Bd7 21. h4 0-0-0 22. Ke2 Rdg8 23. Qh2 Nb4 24. c4 Nc6 25. Nxd7 Kxd7 26. a3 Ne7 27. g3 e5 28. Rhd1 Kc8 29. Kf1 Nc6 30. d5 Ne7 31. Rd2 Rg4 32. Rbd1 Rd8 33. c5 Qa6+ 34. Ke1 Rg6 35. h5 Rh6 36. Qh4 Qf6 37. Qxf6 Rxf6 38. d6 cxd6 39. cxd6 Nc6 40. b4 a6 41. Rd5 Rd7 42. Ke2 Rh6 43. f3 exf3+ 44. Kxf3 Rxh5 45. Rc1 Kb8 46. e4 fxe4+ 47. Kxe4 Rg5 48. Kf3 Rg6 49. Rcd1 Nd4+ 50. Ke4 Nc6 51. Kd3 Nd8 52. Ke4 Nf7 53. Kf5 Rgxd6 54. Rxd6 Nxd6+ 0-1